[Event "DEM U12 2017"]
[Site "Willingen GER"]
[Date "2017.06.09"]
[Round "10"]
[White "Weidenhöfer, Max"]
[Black "Ljuca, Rijad"]
[Result "1/2-1/2"]
[Termination "normal"]
[Board "28"]
[WhiteElo "1483"]
[BlackElo "1436"]
[PlyCount "41"]
[WhiteFideId "16230566"]
[BlackFideId "16216121"]
[EventCountry "GER"]
[EventRounds "11"]
[EventType "swiss"]
[EventDate "2017.06.03"]

1. e4 d5 2. exd5 Nf6 3. Nf3 Qxd5 4. Nc3 Qh5 5. d4 Bg4 6. Be2 Nc6 7. Be3 O-O-O
8. Qd2 e6 9. O-O-O Bb4 10. h3 Bxf3 11. Bxf3 Qa5 12. a3 Bxc3 13. Qxc3 Qxc3 14.
bxc3 Nd5 15. c4 Nxe3 16. fxe3 Ne7 17. Rhf1 Nf5 18. Kd2 c5 19. c3 Nd6 20. Kd3 b5
21. cxb5 1/2-1/2